Quartiers du Havre sur une carte - Statistiques

Statistiques générales
  • Ce quiz a été pris 217 fois
    74 depuis la dernière actualisation
  • Le résultat moyen est 11 sur 20
Réponses sur la Carte
Les réponses sont colorées sur une échelle allant du rouge au vert en fonction du pourcentage des utilisateurs qui les ont devinées à leur premier essai. Vous pouvez retrouver ces pourcentages ci-dessous.
 
Statistiques - réponses
Quartiers % Correct
Caucriauville
83%
Bléville, Grand-Hameau
80%
Eure-Brindeau
73%
Mare-Rouge
70%
Mont-Gaillard
68%
Les Neiges
65%
Sainte-Cécile, Aplemont
65%
Sanvic
63%
Soquence, Graville
63%
Saint-François, Notre-Dame
60%
Sainte-Marie, Saint-Léon,Observatoire, Massillon, Rond-Point
53%
Saint-Vincent, Gobelins
50%
Dollemard
45%
Bois de Bléville
43%
Rouelles
43%
Danton
38%
Thiers-Coty
35%
Tourneville, Haut-Graville,Mare-au-Clerc, Acacias
35%
Perrey, Perret
25%
Vallée-Béreult, Champs-Barets
15%
Aucun quiz correspondant
Distribution des résultats
% des personnes avec chaque résultat
Percentile par nombre de réponses
Votre historique - résultats
Vous n’avez pas pris ce quiz depuis la dernière actualisation